[Event "Quebec-ch qual"]
[Site "Montreal"]
[Date "2019.02.02"]
[Round "2.3"]
[White "Toenz, Antoine"]
[Black "Soudre, Nicolas"]
[Result "1/2-1/2"]
[WhiteElo "2025"]
[BlackElo "2196"]
[PlyCount "48"]
[EventDate "2019.02.02"]
[EventType "swiss"]
[EventRounds "4"]
[EventCountry "CAN"]
[SourceTitle "EXT 2022"]
[Source "ChessBase"]
[SourceDate "2021.10.06"]
[SourceVersion "1"]
[SourceVersionDate "2021.10.06"]
[SourceQuality "1"]

1. e4 e5 2. Nf3 Nc6 3. Bb5 a6 4. Ba4 Nf6 5. 0-0 Be7 6. Re1 b5 7. Bb3 0-0 8. c3 d5 9. exd5 Nxd5 10. Nxe5 Nxe5 11. Rxe5 c6 12. d4 Bd6 13. Re1 Qh4 14. g3 Qh3 15. Bxd5 cxd5 16. Qf3 Bf5 17. Qxd5 Rad8 18. Qg2 Qh5 19. h4 Rfe8 20. Be3 Be4 21. Qh3 Bf5 22. Qg2 Be4 23. Qh3 Bf5 24. Qg2 Be4 1/2-1/2

[Event "Montreal Vendredi 10"]
[Site "Montreal"]
[Date "2018.10.19"]
[Round "2"]
[White "Toenz, Antoine"]
[Black "Huang, Qiuyu"]
[Result "1/2-1/2"]
[WhiteElo "2033"]
[BlackElo "2250"]
[PlyCount "130"]
[EventDate "2018.10.12"]
[EventType "tourn"]
[EventRounds "3"]
[EventCountry "CAN"]
[SourceTitle "EXT 2022"]
[Source "ChessBase"]
[SourceDate "2021.10.06"]
[SourceVersion "1"]
[SourceVersionDate "2021.10.06"]
[SourceQuality "1"]

1. e4 c5 2. Nc3 Nc6 3. Bb5 g6 4. Bxc6 bxc6 5. d3 Bg7 6. f4 d6 7. Nf3 Nh6 8. 0-0 0-0 9. Qe2 f6 10. Na4 e5 11. fxe5 fxe5 12. Bg5 Qc7 13. Bd2 Ng4 14. h3 Nf6 15. b3 Nh5 16. Qe3 Nf4 17. Rf2 Bh6 18. Qe1 g5 19. Kh2 Qf7 20. Ng1 Qh5 21. Nc3 g4 22. g3 Nxh3 23. Rxf8+ Bxf8 24. Nxh3 Qxh3+ 25. Kg1 Bh6 26. Bxh6 Qxh6 27. Qf2 Be6 28. Rf1 Kg7 29. Nd1 Qg5 30. Qe3 Qxe3+ 31. Nxe3 h6 32. c4 a5 33. a4 Rb8 34. Rb1 Kg6 35. Kg2 Kg5 36. Rb2 h5 37. Rb1 Rb7 38. Rb2 Rb6 39. Rb1 Rb8 40. Rb2 h4 41. gxh4+ Kf4 42. Nf1 g3 43. Nxg3 Ke3 44. Nf1+ Kd4 45. h5 Bg4 46. h6 Rh8 47. Kg3 Bd1 48. Rh2 Rg8+ 49. Kh4 Bxb3 50. h7 Rh8 51. Kg5 Kxd3 52. Rh3+ Kc2 53. Kg6 Bxa4 54. Ra3 Bb3 55. Ne3+ Kc3 56. Rxa5 Bxc4 57. Kg7 Rxh7+ 58. Kxh7 Kd4 59. Nxc4 Kxc4 60. Kg6 Kd3 61. Ra4 c4 62. Kf5 c3 63. Ra6 d5 64. exd5 cxd5 65. Kxe5 c2 1/2-1/2

[Event "Zuerich op-B 41st"]
[Site "Zuerich"]
[Date "2017.12.26"]
[Round "1"]
[White "Bannwart, Remo"]
[Black "Toenz, Antoine"]
[Result "1/2-1/2"]
[WhiteElo "1746"]
[BlackElo "2009"]
[PlyCount "91"]
[EventDate "2017.12.26"]
[EventType "swiss"]
[EventRounds "7"]
[EventCountry "SUI"]
[SourceTitle "CBM 182 Extra"]
[Source "ChessBase"]
[SourceDate "2018.02.23"]
[SourceVersion "1"]
[SourceVersionDate "2018.02.23"]
[SourceQuality "1"]

1. e4 c6 2. d4 d5 3. exd5 cxd5 4. Bd3 Nc6 5. c3 Nf6 6. h3 g6 7. Nf3 Qc7 8. Be3 Bg7 9. Nbd2 0-0 10. 0-0 Re8 11. Re1 Nh5 12. Nf1 a6 13. Qd2 e5 14. dxe5 Nxe5 15. Nxe5 Bxe5 16. Bd4 f6 17. Bc2 Nf4 18. Bxe5 fxe5 19. Bb3 Be6 20. Ne3 Rad8 21. Ng4 Bxg4 22. hxg4 e4 23. Bc2 Rf8 24. Rad1 Qc8 25. f3 Qc5+ 26. Qd4 Qb5 27. Rd2 exf3 28. gxf3 Nh3+ 29. Kg2 Ng5 30. f4 Ne4 31. Bxe4 dxe4 32. Qxd8 Rxd8 33. Rxd8+ Kf7 34. Rxe4 Qxb2+ 35. Kf3 Qxc3+ 36. Re3 Qc6+ 37. Kg3 g5 38. Red3 gxf4+ 39. Kxf4 Qc7+ 40. Kf5 Qc5+ 41. R3d5 Qf2+ 42. Ke4 Qe1+ 43. Kf5 Qf2+ 44. Ke4 Qe2+ 45. Kf4 Qf2+ 46. Ke4 1/2-1/2

[Event "Zuerich op-B 40th"]
[Site "Zuerich"]
[Date "2016.12.30"]
[Round "7"]
[White "Toenz, Antoine"]
[Black "Angst, Oliver"]
[Result "1-0"]
[WhiteElo "1965"]
[BlackElo "1859"]
[PlyCount "56"]
[EventDate "2016.12.26"]
[EventType "swiss"]
[EventRounds "7"]
[EventCountry "SUI"]
[SourceTitle "EXT 2019"]
[Source "ChessBase"]
[SourceDate "2018.10.10"]
[SourceVersion "1"]
[SourceVersionDate "2018.10.10"]
[SourceQuality "1"]

1. e4 c5 2. Nc3 d6 3. Bb5+ Nd7 4. f4 g6 5. Nf3 a6 6. Bxd7+ Bxd7 7. d4 Bg7 8. dxc5 dxc5 9. Qd5 Qc7 10. e5 Rd8 11. 0-0 e6 12. Qd3 Ne7 13. Be3 c4 14. Qe2 Nf5 15. g4 Nxe3 16. Qxe3 Bf8 17. Ne4 Be7 18. Rad1 Bc6 19. Nd6+ Bxd6 20. exd6 Qa5 21. Ng5 Bd5 22. f5 gxf5 23. Rxf5 Kd7 24. Rdxd5 exd5 25. Rxf7+ Kxd6 26. Qe7+ Kc6 27. Qxb7+ Kd6 28. Rf6+ Ke5 1-0

[Event "Zuerich op-B 40th"]
[Site "Zuerich"]
[Date "2016.12.29"]
[Round "5"]
[White "Toenz, Antoine"]
[Black "Joller, Hans"]
[Result "1-0"]
[WhiteElo "1965"]
[BlackElo "1873"]
[PlyCount "82"]
[EventDate "2016.12.26"]
[EventType "swiss"]
[EventRounds "7"]
[EventCountry "SUI"]
[SourceTitle "EXT 2019"]
[Source "ChessBase"]
[SourceDate "2018.10.10"]
[SourceVersion "1"]
[SourceVersionDate "2018.10.10"]
[SourceQuality "1"]

1. e4 Nf6 2. Nc3 e5 3. Bc4 d6 4. d3 c6 5. f4 Bg4 6. Nf3 b5 7. Bb3 b4 8. fxe5 Bxf3 9. Qxf3 dxe5 10. Na4 Be7 11. Qg3 0-0 12. Qxe5 Nbd7 13. Qf5 g6 14. Qh3 Nh5 15. 0-0 Ne5 16. Be3 Bg5 17. a3 Bxe3+ 18. Qxe3 Ng4 19. Qf3 Qh4 20. h3 Ne5 21. Qf2 Ng3 22. d4 Ng4 23. Qe1 Rae8 24. Rf4 h5 25. hxg4 hxg4 26. Nc5 g5 27. Rf6 Kg7 28. e5 Rh8 29. Rxf7+ Kg6 30. Rf6+ Kg7 31. Rf7+ Kg6 32. Rf6+ Kg7 33. Ne6+ Rxe6 34. Bxe6 Qh2+ 35. Kf2 Nh5 36. Rf7+ Kh6 37. Qe4 Qh4+ 38. Kg1 Ng3 39. Qxg4 Qh1+ 40. Kf2 Ne4+ 41. Qxe4 Qxa1 1-0

[Event "FRA-ch U12"]
[Site "Troyes"]
[Date "2010.04.13"]
[Round "4"]
[White "Toenz, Antoine"]
[Black "Meunier, Clement1"]
[Result "1/2-1/2"]
[WhiteElo "1710"]
[BlackElo "1813"]
[PlyCount "63"]
[EventDate "2010.04.11"]
[EventType "swiss"]
[EventRounds "9"]
[EventCountry "FRA"]
[SourceTitle "EXT 2012"]
[Source "ChessBase"]
[SourceDate "2011.11.24"]
[SourceVersion "1"]
[SourceVersionDate "2011.11.24"]
[SourceQuality "1"]

1. e4 e5 2. Nf3 Nc6 3. Bb5 Nd4 4. Nxd4 exd4 5. d3 Bc5 6. 0-0 Ne7 7. Qh5 Bb6 8. Bg5 0-0 9. Bxe7 Qxe7 10. Nd2 d5 11. a3 c6 12. Ba4 f5 13. exd5 cxd5 14. Rae1 Qd6 15. f4 Bd7 16. Bb3 Rf6 17. Re5 Bc6 18. Rxf5 Rxf5 19. Qxf5 Rf8 20. Ne4 Qd8 21. Qe6+ Kh8 22. Ng5 Qf6 23. Bxd5 Bxd5 24. Qxd5 h6 25. Ne4 Qh4 26. Qxb7 Qg4 27. Rf3 Rc8 28. Nf2 Qe6 29. Qe4 Qa2 30. h4 Qb1+ 31. Kh2 Qxc2 32. Ng4 1/2-1/2